LEADER 01103nam0-22003611i-450- 001 990005573880403321 005 20100429095323.0 010 $a2-01-006518-2 035 $a000557388 035 $aFED01000557388 035 $a(Aleph)000557388FED01 035 $a000557388 100 $a19990604d1982----km-y0itay50------ba 101 0 $afre 102 $aFR 105 $ay-------001yy 200 1 $a<>impossible mariage$eviolence et parentè en Gèvaudan 17., 18. et 19. siècle$fElisabeth Claverie$gPierre Lamaison 210 $aParis$cHachette$dc1982 215 $a361 p., 8 tav.$cill.$d26 cm 225 1 $a<>mèmoire du temps$fdirigèe par Jean Guilaine 610 0 $aMatrimonio$aFrancia$aSec. 17.-19. 676 $a306.87$v21$zita 700 1$aClaverie,$bElisabeth$0214994 702 1$aLamaison,$bPierre 801 0$aIT$bUNINA$gRICA$2UNIMARC 901 $aBK 912 $a990005573880403321 952 $aSDI-KT 28$b2721$fSDI 952 $a306.87 CLA 1$bST.MED.MOD. 10110$fFLFBC 959 $aFLFBC 959 $aSDI 996 $aImpossible mariage$9606999 997 $aUNINA LEADER 02319nam 2200625Ia 450 001 9910778662403321 005 20230214182137.0 010 $a0-309-17615-8 010 $a1-280-19308-5 010 $a9786610193080 010 $a0-309-56885-4 010 $a0-585-33575-3 035 $a(CKB)110986584751662 035 $a(OCoLC)613360190 035 $a(CaPaEBR)ebrary10071342 035 $a(SSID)ssj0000148386 035 $a(PQKBManifestationID)12010588 035 $a(PQKBTitleCode)TC0000148386 035 $a(PQKBWorkID)10225256 035 $a(PQKB)11374318 035 $a(MiAaPQ)EBC3564065 035 $a(Au-PeEL)EBL3564065 035 $a(CaPaEBR)ebr10071342 035 $a(CaONFJC)MIL19308 035 $a(OCoLC)929504671 035 $a(EXLCZ)99110986584751662 100 $a20001031d2000 ua 0 101 0 $aeng 135 $aurcn||||||||| 181 $ctxt$2rdacontent 182 $cc$2rdamedia 183 $acr$2rdacarrier 200 00$aEnvironmental issues in Pacific Northwest forest management /$fCommittee on Environmental Issues in Pacific Northwest Forest Management, Board on Biology, Commission on Life Sciences, National Research Council 210 1$aWashington, D.C. :$cNational Academy Press,$d2000. 215 $a1 online resource (xvii, 259 pages) $cillustrations, maps 300 $aBibliographic Level Mode of Issuance: Monograph 311 0 $a0-309-05328-5 320 $aIncludes bibliographical references (p. 211-253). 606 $aForest management$zNorthwest, Pacific 606 $aForest management$xEnvironmental aspects$zNorthwest, Pacific 606 $aForests and forestry$zNorthwest, Pacific 606 $aForests and forestry$xEnvironmental aspects$zNorthwest, Pacific 615 0$aForest management 615 0$aForest management$xEnvironmental aspects 615 0$aForests and forestry 615 0$aForests and forestry$xEnvironmental aspects 676 $a333.75/16/09795 712 02$aNational Research Council (U.S.).$bCommittee on Environmental Issues in Pacific Northwest Forest Management. 801 0$bMiAaPQ 801 1$bMiAaPQ 801 2$bMiAaPQ 906 $aBOOK 912 $a9910778662403321 996 $aEnvironmental issues in Pacific Northwest forest management$93740786 997 $aUNINA